Normal view
MARC view
- Prof. Muneer Ahmad Rashid.
Entry Personal Name
001 - CONTROL NUMBER
- control field: 16920
003 - CONTROL NUMBER IDENTIFIER
- control field: NUST
005 - DATE AND TIME OF LATEST TRANSACTION
- control field: 20190706132500.0
008 - FIXED-LENGTH DATA ELEMENTS
- fixed length control field: 190706|| aca||aabn | a|a d
040 ## - CATALOGING SOURCE
- Original cataloging agency: NUST
- Transcribing agency: NUST
100 ## - HEADING--PERSONAL NAME
- Personal name: Prof. Muneer Ahmad Rashid.
670 ## - SOURCE DATA FOUND
- Source citation: Work cat.: (NUST): Saeed, Sadia 16919, Numerical Solution of Burger's Equation with Random Initial Conditions Using Wiener Chaos Expansion ans Lax-Wendroff Method /, 2013.
